000 00699nam a2200253 i 4500
001 C2-0237306
003 PPAK
005 20180727200842.0
008 011210s2000 nyua|||| ||||| | eng d
020 _a0786832665
040 _aPPAK
_beng
_cPPAK
_erda
082 0 4 _a823
_223
090 0 0 _a823
_bWEI
_dK
100 1 _aWeiss, Ellen,
_eauthor
245 1 0 _aMy very first simba stories not so fast!
250 _aFirst
264 1 _aNew York :
_bDisney Enterprises ,
_c2000
300 _a[29 pages] :
_bcolour illustrations ;
_c22 cm
336 _2rdacontent
_atext
337 _2rdamedia
_aunmediated
338 _2rdacarrier
_avolume
650 1 0 _aChilren' stories, English
942 _ddc
_cB
999 _c52988
_d52988